Statistics for Miami Marlins Trivia

Click here to take the quiz!

General Stats

  • This quiz has been taken 133 times
  • The average score is 6 of 9

Answer Stats

HintAnswer% Correct
Former name of the Miami Marlins{Florida} Marlins
98%
Slugger who slammed 59 home runs in 2017Giancarlo Stanton
89%
Slugger who hit .313 for the Marlins from 2003–2007 before leaving for DetroitMiguel Cabrera
87%
What Jasrado Chisholm Jr. is better known as{Jazz} Chisholm Jr.
76%
High-kicking pitcher nicknamed "D-Train"Dontrelle Willis
69%
In 2023, this player flirted with a .400 average into late JuneLuis Arraez
67%
2022 Cy Young winning pitcherSandy Alcantara
61%
Manager who led the Marlins to their first World Series title in 1997Jim Leyland
42%
MVP of the 1997 World Series who struck out 15 batters in Game 5Liván Hernández
37%

Score Distribution

Percentile by Number Answered

Percent of People with Each Score

Your Score History

You have not taken this quiz